[Event "Reykjavik Open 2018"]
[Site "Reykjavik ISL"]
[Date "2018.03.08"]
[Round "4.51"]
[White "Fridjonsson, Julius"]
[Black "Puglia, Francesco"]
[Result "1-0"]
[WhiteElo "2167"]
[BlackElo "1878"]
[WhiteFideId "2300842"]
[BlackFideId "2820060"]
[EventDate "2018.03.06"]

1. c4 g6 2. Nc3 Bg7 3. Nf3 e5 4. d4 exd4 5. Nxd4 Nf6 6. Bg5 h6 7. Bh4 O-O 8. e3
d6 9. Be2 Nbd7 10. O-O Nc5 11. Qc2 Re8 12. Bf3 g5 13. Bg3 h5 14. h3 g4 15. hxg4
hxg4 16. Be2 Nfe4 17. Bf4 Qh4 18. Nxe4 Nxe4 19. g3 Qh3 20. Rfd1 c5 21. Bf1 Qh5
22. Bg2 cxd4 23. Bxe4 dxe3 24. Bxe3 Qe5 25. Bh7+ Kh8 26. Bd4 Qh5 27. Be4 Bxd4
28. Rxd4 Be6 29. Qd2 Rab8 30. Rxd6 Kg7 31. Qd4+ Kg8 32. Bg2 b6 33. b3 Rbc8 34.
Re1 Qf5 35. Qd2 Qf6 36. Bd5 Rb8 37. Bxe6 Rxe6 38. Rexe6 fxe6 39. Qe2 Qf5 40.
Qxe6+ Qxe6 41. Rxe6 Kf7 42. Rd6 b5 43. cxb5 Rxb5 44. Rd7+ Ke6 45. Rxa7 Ke5 46.
Ra4 Kf5 47. Rc4 Rd5 48. Kg2 Rd2 49. Rf4+ Kg5 50. a4 Ra2 51. Rb4 Kf5 52. Rb5+ Ke4
53. Rg5 Ra3 54. Rxg4+ Kd3 55. Rf4 Kc3 56. g4 1-0

[Event "Reykjavik Open 2018"]
[Site "Reykjavik ISL"]
[Date "2018.03.08"]
[Round "4.52"]
[White "Adocchio, Giampiero"]
[Black "Pedersen, Lars Wisler"]
[Result "1-0"]
[WhiteElo "2157"]
[BlackElo "1842"]
[WhiteFideId "4666011"]
[BlackFideId "1417045"]
[EventDate "2018.03.06"]

1. e4 c5 2. Nf3 Nc6 3. d4 cxd4 4. Nxd4 d6 5. c4 g6 6. Nc3 Bg7 7. Be3 Nf6 8. Be2
O-O 9. O-O Bd7 10. h3 Rc8 11. b3 Ne8 12. Qd2 a6 13. Rac1 f5 14. exf5 Bxf5 15.
Nxf5 gxf5 16. Nd5 Nf6 17. Bf3 e5 18. Bg5 Nd4 19. Nxf6+ Bxf6 20. Bd5+ Kh8 21. Bh6
Rg8 22. Be3 Rg7 23. Bxd4 exd4 24. Qd3 f4 25. Rce1 Be5 26. Qf3 Rcc7 27. Re4 Qg5
28. Rfe1 b6 29. Rxf4 Qxg2+ 30. Qxg2 Rxg2+ 31. Kxg2 Bxf4 32. Re8+ Kg7 33. Kf3 Be5
34. Ke4 b5 35. Ra8 bxc4 36. bxc4 Re7 37. f4 Bf6+ 38. Kf5 Bh4 39. Rxa6 Re2 40.
Rxd6 Rxa2 41. Rd7+ Kf8 42. c5 Ra5 43. c6 Ke8 44. Ke4 Bf2 45. Bf7+ Kf8 46. c7 Rc5
47. Bh5 Rc3 48. Rd8+ Ke7 49. c8=Q 1-0

[Event "Reykjavik Open 2018"]
[Site "Reykjavik ISL"]
[Date "2018.03.08"]
[Round "4.53"]
[White "Briem, Stephan"]
[Black "Ingebretsen, Jens E"]
[Result "0-1"]
[WhiteElo "1841"]
[BlackElo "2132"]
[WhiteFideId "2312506"]
[BlackFideId "1522965"]
[EventDate "2018.03.06"]

1. d4 Nf6 2. c4 e6 3. Nf3 b6 4. g3 Bb7 5. Bg2 Be7 6. O-O O-O 7. Nc3 Ne4 8. Qc2
Nxc3 9. Qxc3 c5 10. Rd1 Bf6 11. Qd2 Na6 12. b3 d5 13. cxd5 Bxd5 14. Bb2 cxd4 15.
Bxd4 Nc5 16. Bxc5 bxc5 17. Rac1 Qb6 18. Qe3 Rac8 19. Ne5 Qb7 20. Bxd5 exd5 21.
Nd3 c4 22. bxc4 dxc4 23. Nc5 Qb5 24. Nd7 Bg5 25. f4 Rfe8 26. Qf3 Bd8 27. Qg4 c3
28. Rc2 Qa4 29. Rdc1 Qd4+ 30. Kg2 Qd5+ 31. e4 Qxe4+ 32. Qf3 Ba5 33. Ne5 Qxf3+
34. Kxf3 f6 35. Nd3 Rcd8 36. Nc5 Bb4 37. Ne4 Rd3+ 0-1

[Event "Reykjavik Open 2018"]
[Site "Reykjavik ISL"]
[Date "2018.03.08"]
[Round "4.54"]
[White "Densing, Gerd"]
[Black "Jonsson, Gauti Pall"]
[Result "1/2-1/2"]
[WhiteElo "1831"]
[BlackElo "2104"]
[WhiteFideId "24621013"]
[BlackFideId "2309092"]
[EventDate "2018.03.06"]

1. d4 e6 2. Nf3 f5 3. Bg5 Be7 4. Bxe7 Qxe7 5. g3 Qb4+ 6. Nbd2 Qxb2 7. Bg2 Nf6 8.
O-O O-O 9. e3 Qa3 10. c4 Qe7 11. Qb3 d6 12. Rfc1 c6 13. Rab1 Kh8 14. c5 d5 15.
Ne5 Nbd7 16. Ndf3 Nxe5 17. Nxe5 Nd7 18. Nxd7 Qxd7 19. f4 Kg8 20. h4 Kh8 21. a4
Kg8 22. a5 a6 23. Kf2 Kh8 24. Bf3 Qe7 25. Rh1 Kg8 26. h5 h6 27. Rh4 Kh8 28. Rhh1
Kg8 29. Rh4 Kh8 30. Rhh1 Kg8 1/2-1/2

[Event "Reykjavik Open 2018"]
[Site "Reykjavik ISL"]
[Date "2018.03.08"]
[Round "4.55"]
[White "Buscar, Michael"]
[Black "Agustsson, Hafsteinn"]
[Result "1-0"]
[WhiteElo "2099"]
[BlackElo "1853"]
[WhiteFideId "2603616"]
[BlackFideId "2302047"]
[EventDate "2018.03.06"]

1. d4 d5 2. c4 e6 3. Nc3 Be7 4. e3 Nf6 5. Nf3 O-O 6. Bd3 b6 7. cxd5 exd5 8. O-O
c5 9. b3 Nc6 10. dxc5 bxc5 11. Bb2 Bg4 12. Be2 Rc8 13. Rc1 Qa5 14. Na4 Rfd8 15.
Ne5 Nxe5 16. Bxe5 Bxe2 17. Qxe2 a6 18. Rfd1 Qb5 19. Qf3 Ne4 20. Qg4 f6 21. Bb2
Rc6 22. Qf5 c4 23. Nc3 Nxc3 24. Rxc3 cxb3 25. Rxc6 Qxc6 26. axb3 Qb5 27. Qc2 Rb8
28. Rd3 Kf7 29. g3 Rc8 30. Qd1 Rb8 31. h4 g6 32. Bd4 a5 33. Rc3 a4 34. bxa4 Qxa4
35. Qxa4 1-0

[Event "Reykjavik Open 2018"]
[Site "Reykjavik ISL"]
[Date "2018.03.08"]
[Round "4.56"]
[White "Grant, David J"]
[Black "Ilkov, Dani"]
[Result "1-0"]
[WhiteElo "2068"]
[BlackElo "1841"]
[WhiteFideId "403717"]
[BlackFideId "2926849"]
[EventDate "2018.03.06"]

1. e4 e5 2. Nf3 Nc6 3. Bc4 Nf6 4. d3 Be7 5. O-O O-O 6. a4 d6 7. Re1 Na5 8. Ba2
c5 9. c3 Nc6 10. Nbd2 a6 11. Nf1 Bd7 12. Ng3 b5 13. Nh4 g6 14. Bh6 Re8 15. Nf3
Bf8 16. Ng5 Re7 17. Qf3 Bxh6 18. Qxf6 Bxg5 19. Qxg5 Re8 20. Qh6 Qe7 21. Re3 Qf8
22. Qg5 Qe7 23. Qxe7 Nxe7 24. Rf3 Be6 25. Bxe6 fxe6 26. axb5 axb5 27. Rxa8 Rxa8
28. Rf6 Ra1+ 29. Nf1 Ra6 30. f4 Kg7 31. fxe5 dxe5 32. Rf2 b4 33. Ne3 bxc3 34.
bxc3 Ra1+ 35. Rf1 Rxf1+ 36. Kxf1 Nc6 37. Nc4 Kf6 38. Ke2 Nd8 39. Na5 Ke7 40. Kd2
Kd7 41. Kc2 Kc7 42. Kb3 Nc6 43. Ka4 Kb6 44. Nc4+ Ka6 45. g3 g5 46. g4 Ne7 47.
Nxe5 Ng6 48. Nxg6 hxg6 49. d4 cxd4 50. cxd4 Kb6 51. Kb4 Kc6 52. Kc4 Kb6 53. d5
Kc7 54. Kc5 exd5 55. exd5 Kd7 56. d6 Kd8 57. Kd5 Kd7 58. Ke5 1-0

[Event "Reykjavik Open 2018"]
[Site "Reykjavik ISL"]
[Date "2018.03.08"]
[Round "4.58"]
[White "Thorsteinsson, Erlingur"]
[Black "Shaw, Robin A"]
[Result "1-0"]
[WhiteElo "2056"]
[BlackElo "1770"]
[WhiteFideId "2301091"]
[BlackFideId "3204677"]
[EventDate "2018.03.06"]

1. d3 g6 2. g3 Bg7 3. Bg2 c5 4. Nc3 Nc6 5. e4 d6 6. Nge2 Bg4 7. h3 Bd7 8. O-O
Nd4 9. Bg5 h6 10. Bd2 Nf6 11. Nf4 Bc6 12. Ncd5 e6 13. c3 Nb5 14. Re1 O-O 15. Ne3
Nc7 16. Qc1 Kh7 17. Nc4 e5 18. Ne2 Ne6 19. a4 b5 20. axb5 Bxb5 21. Qc2 Bxc4 22.
dxc4 Qb6 23. Ra2 Rfb8 24. Rea1 Qb3 25. Qd3 Qb6 26. Be3 a5 27. b4 Nd7 28. b5 Nd8
29. Rd1 Nb7 30. Qd5 Nf6 31. Qd3 Rd8 32. f4 Nd7 33. f5 g5 34. Bd2 Bf6 35. g4 Bg7
36. f6 Bxf6 37. Ng3 Nf8 38. Rf1 Nd7 39. Nh5 1-0

[Event "Reykjavik Open 2018"]
[Site "Reykjavik ISL"]
[Date "2018.03.08"]
[Round "4.59"]
[White "Coffman, Charles Z"]
[Black "Diaz, Franck"]
[Result "0-1"]
[WhiteElo "1814"]
[BlackElo "2050"]
[WhiteFideId "2091933"]
[BlackFideId "639125"]
[EventDate "2018.03.06"]

1. e4 e5 2. Nf3 Nc6 3. Bb5 a6 4. Ba4 d6 5. c3 f5 6. d3 fxe4 7. dxe4 Nf6 8. Bg5
Be7 9. Bxf6 Bxf6 10. Qd5 Bd7 11. b4 Ne7 12. Bxd7+ Qxd7 13. Qb3 Ng6 14. g3 Qf7
15. Nbd2 O-O 16. Ke2 c6 17. Qxf7+ Rxf7 18. c4 Nf8 19. Rad1 b5 20. Nb3 bxc4 21.
Na5 d5 22. exd5 e4 23. Ne1 cxd5 24. Rxd5 c3 25. Nc2 Ne6 26. Nb3 Raf8 27. Rf1 Bd8
28. Rd6 Ng5 29. Nc5 Be7 30. Rd4 Bxc5 31. bxc5 Nf3 32. Ra4 Nxh2 33. Rc1 Rxf2+ 34.
Ke3 Nf1+ 35. Kxe4 Nxg3+ 36. Kd3 R8f3+ 37. Ne3 Re2 38. c6 Rfxe3+ 39. Kc4 Re4+ 40.
Kd5 Rxa4 41. Rxc3 Nf5 42. c7 Ne7+ 43. Kd6 Raxa2 44. Rd3 Rad2 45. Rd5 Rxd5# 0-1

[Event "Reykjavik Open 2018"]
[Site "Reykjavik ISL"]
[Date "2018.03.08"]
[Round "4.60"]
[White "Halldorsson, Hjorleifur"]
[Black "Carlsen, Henrik"]
[Result "0-1"]
[WhiteElo "1792"]
[BlackElo "2031"]
[WhiteFideId "2303647"]
[BlackFideId "1502832"]
[EventDate "2018.03.06"]

1. e4 g6 2. d4 Bg7 3. Nc3 d6 4. Bg5 Nf6 5. e5 Nfd7 6. exd6 cxd6 7. Qd2 h6 8. Bh4
a6 9. Nf3 Nc6 10. d5 Nce5 11. Nd4 Qb6 12. O-O-O Nc5 13. h3 Bd7 14. f4 Ned3+ 15.
Bxd3 Bxd4 16. Rhe1 O-O-O 17. Bf1 Bf6 18. Bxf6 exf6 19. Ne4 Nxe4 20. Rxe4 Rde8
21. Rde1 Kb8 22. Rxe8+ Rxe8 23. Rxe8+ Bxe8 24. b3 Bd7 25. Kb2 Bf5 26. a3 Be4 27.
Bc4 f5 28. g3 Ka7 29. a4 Qg1 30. Qc3 Qf2 31. b4 g5 32. Bb3 gxf4 33. gxf4 Qxf4
34. Qd4+ Kb8 35. Ka2 Qe5 36. Qb6 Qe7 37. Kb2 f4 38. a5 f5 39. Bc4 Qc7 40. Qd4 f3
41. Kb3 Qd8 42. c3 h5 43. Bf1 Kc8 44. Bc4 h4 45. Kb2 Qe7 46. Qh8+ Kc7 47. Qd4
Qg5 48. Qb6+ Kc8 49. Qd4 Qg3 50. Qh8+ Kd7 51. Qf6 Qh2+ 52. Ka3 Qe5 53. Qf7+ Qe7
54. Qh5 Kc7 55. Kb2 Qf6 56. Qh7+ Kc8 57. Qg8+ Qd8 58. Qe6+ Kb8 59. Kb3 f2 60.
Qh6 Bxd5 61. Qf4 Bxc4+ 62. Kxc4 Qg8+ 63. Kd4 Qg7+ 64. Kc4 Qf7+ 65. Kd4 Qe6 0-1

[Event "Reykjavik Open 2018"]
[Site "Reykjavik ISL"]
[Date "2018.03.08"]
[Round "4.61"]
[White "Flynn, Jacob"]
[Black "Valette, Christian"]
[Result "0-1"]
[WhiteElo "1710"]
[BlackElo "2022"]
[WhiteFideId "2509393"]
[BlackFideId "613940"]
[EventDate "2018.03.06"]

1. d4 Nf6 2. c4 e6 3. Nf3 Bb4+ 4. Bd2 Qe7 5. a3 Bxd2+ 6. Nbxd2 d6 7. Qc2 e5 8.
e4 O-O 9. Bd3 a5 10. O-O Nbd7 11. b4 exd4 12. Nxd4 Ne5 13. Be2 Ng6 14. Rab1 Re8
15. Rfe1 axb4 16. axb4 Bd7 17. Bf1 Ng4 18. h3 N4e5 19. Qc3 Ra2 20. N2f3 Qf6 21.
Rbc1 Rea8 22. Nc2 Nxf3+ 23. Qxf3 Qxf3 24. gxf3 Rb2 25. Ne3 Raa2 26. Ra1 Rxf2 27.
Rxa2 Rxa2 28. Nd5 Nh4 0-1

[Event "Reykjavik Open 2018"]
[Site "Reykjavik ISL"]
[Date "2018.03.08"]
[Round "4.63"]
[White "Brunello, Marina"]
[Black "Haraldsson, Haraldur"]
[Result "1-0"]
[WhiteTitle "FM"]
[WhiteElo "2367"]
[BlackElo "1963"]
[WhiteFideId "822590"]
[BlackFideId "2311100"]
[EventDate "2018.03.06"]

1. e4 e5 2. Nf3 Nc6 3. Bb5 a6 4. Ba4 Nf6 5. d3 d6 6. c3 Be7 7. h3 O-O 8. Qe2 b5
9. Bc2 Bb7 10. Nbd2 Re8 11. Nf1 Bf8 12. g4 d5 13. Ng3 dxe4 14. dxe4 Na5 15. Bg5
Qd6 16. Nh4 Qc6 17. Nhf5 Nd7 18. Rd1 Nc5 19. h4 Ne6 20. Nh5 Nc4 21. Qf3 Nc5 22.
Nh6+ gxh6 23. Nf6+ Kg7 24. Qf5 Bd6 25. Bxh6+ 1-0

[Event "Reykjavik Open 2018"]
[Site "Reykjavik ISL"]
[Date "2018.03.08"]
[Round "4.64"]
[White "Midoux, Sebastien"]
[Black "Green, Per"]
[Result "1-0"]
[WhiteElo "2319"]
[BlackElo "1961"]
[WhiteFideId "611140"]
[BlackFideId "1703811"]
[EventDate "2018.03.06"]

1. e4 e6 2. d4 d5 3. Nd2 Nf6 4. e5 Nfd7 5. f4 c5 6. Ngf3 Nc6 7. Nb3 a5 8. a4
cxd4 9. Nbxd4 Nc5 10. Bb5 Bd7 11. O-O g6 12. Be3 Na7 13. Bxd7+ Qxd7 14. c3 Be7
15. g3 b6 16. Qc2 Rc8 17. Kg2 Ne4 18. g4 h5 19. h3 Rg8 20. Nd2 Nxd2 21. Qxd2
hxg4 22. hxg4 Rc4 23. b3 Rc8 24. Rac1 Qb7 25. Rh1 Ba3 26. Ra1 Be7 27. Kf2 Qc7
28. Rac1 Qd7 29. Qd3 Ba3 30. Rc2 Ke7 31. f5 gxf5 32. gxf5 Qc7 33. Bf4 Rh8 34.
Bg5+ Kd7 35. fxe6+ fxe6 36. Rh7+ Rxh7 37. Qxh7+ Ke8 38. Qg8+ Bf8 39. Qxe6+ Be7
40. Nf5 Nc6 41. Bxe7 Nxe7 42. Nxe7 Qc5+ 43. Kf3 1-0

[Event "Reykjavik Open 2018"]
[Site "Reykjavik ISL"]
[Date "2018.03.08"]
[Round "4.65"]
[White "Kantorik, Marian"]
[Black "Frank, Tena"]
[Result "1-0"]
[WhiteTitle "IM"]
[BlackTitle "WFM"]
[WhiteElo "2313"]
[BlackElo "1921"]
[WhiteFideId "14900513"]
[BlackFideId "4624297"]
[EventDate "2018.03.06"]

1. d4 d5 2. c4 c6 3. Nf3 e6 4. Nc3 dxc4 5. a4 Bb4 6. g3 Nf6 7. Bg2 O-O 8. O-O
Re8 9. Ne5 Nbd7 10. Nxc4 Nd5 11. Qb3 Bf8 12. e4 Nxc3 13. bxc3 e5 14. d5 Nc5 15.
Qc2 cxd5 16. exd5 e4 17. Ne3 b6 18. Ba3 Ba6 19. c4 Rc8 20. Rfd1 g6 21. Bb2 Nd3
22. Rxd3 exd3 23. Qxd3 Bg7 24. Bxg7 Kxg7 25. d6 Qf6 26. Rd1 Red8 27. h4 h5 28.
d7 Rc7 29. Bh3 Qe5 30. Re1 Bxc4 31. Qd2 Qf6 32. Qc2 Be6 33. Qxc7 Bxh3 34. Rd1
Qe7 35. Qxa7 Rxd7 36. Rxd7 Qxd7 37. Qxb6 Qxa4 38. Qb2+ Kg8 39. Qb8+ Kg7 40. Qe5+
Kg8 41. Nd5 Qa8 42. Kh2 Be6 43. Nf6+ Kf8 44. Nxh5 Qa7 45. Qh8+ Ke7 46. Qf6+ Kd7
47. Ng7 Bd5 48. h5 gxh5 49. Qf5+ Kc6 50. Qf6+ Kd7 51. Nxh5 Be6 52. Qf4 Qc5 53.
Ng7 Bc4 54. Nf5 Be6 55. Nh4 Qc2 56. Qd4+ Ke7 57. Qe3 Kd6 58. Qf4+ Ke7 59. Ng2
Kd7 60. Ne3 Qh7+ 61. Kg1 Qb1+ 62. Kg2 Qb7+ 63. Kh2 Qb1 64. Qd4+ Ke8 65. Qa4+ Ke7
66. Qa7+ Ke8 67. Qa4+ Ke7 68. Qc2 Qb5 69. Qe4 Qc5 70. g4 Kf8 71. Kg3 Qc7+ 72.
Kg2 Bd7 73. Qd4 Kg8 74. f3 Be6 75. f4 Bc8 76. Kg3 Be6 77. Kh4 Qc1 78. Kg5 Qh1
79. f5 Ba2 80. f6 Be6 81. Qd8+ Kh7 82. Qd3+ Kh8 83. Nf5 Qc1+ 84. Qe3 Qd1 85.
Qh3+ Kg8 86. Ne7+ 1-0

[Event "Reykjavik Open 2018"]
[Site "Reykjavik ISL"]
[Date "2018.03.08"]
[Round "4.66"]
[White "Davidsdottir, Nansy"]
[Black "Mohota, Nisha"]
[Result "0-1"]
[BlackTitle "IM"]
[WhiteElo "1975"]
[BlackElo "2272"]
[WhiteFideId "2309491"]
[BlackFideId "5004330"]
[EventDate "2018.03.06"]

1. e4 Nf6 2. e5 Nd5 3. d4 d6 4. c4 Nb6 5. exd6 cxd6 6. Be3 g6 7. Nc3 Bg7 8. h3
O-O 9. Nf3 Bf5 10. Be2 d5 11. b3 dxc4 12. bxc4 Be6 13. Qb3 Qc8 14. Nd2 Rd8 15.
Nb5 Nc6 16. Nf3 Na5 17. Qb4 Nbxc4 18. Rc1 Nc6 19. Qc3 Nxe3 20. Qxe3 a6 21. Na3
Qd7 22. O-O Nxd4 23. Nxd4 Bxd4 24. Qg3 Bxa2 25. Rc7 Qe6 26. Rc2 Bd5 27. Bg4 Qf6
28. Re1 b5 29. Rce2 e6 30. Nc2 Bc3 31. Rd1 Bc4 32. Rxd8+ Rxd8 33. Re3 b4 34. Qf3
Qxf3 35. Bxf3 Bd3 36. Ne1 Bxe1 37. Rxe1 b3 38. Be4 Bxe4 39. Rxe4 Rd1+ 0-1

[Event "Reykjavik Open 2018"]
[Site "Reykjavik ISL"]
[Date "2018.03.08"]
[Round "4.67"]
[White "Pantzar, Milton"]
[Black "Kleinert, Juergen"]
[Result "1-0"]
[WhiteTitle "FM"]
[WhiteElo "2263"]
[BlackElo "1887"]
[WhiteFideId "1721003"]
[BlackFideId "4659180"]
[EventDate "2018.03.06"]

1. e4 e5 2. Nf3 Nf6 3. Nc3 Nc6 4. Bb5 d6 5. d4 exd4 6. Nxd4 Bd7 7. Nxc6 Bxc6 8.
Bxc6+ bxc6 9. Qe2 Nd7 10. Bf4 Nb6 11. O-O-O Be7 12. e5 d5 13. Qg4 g5 14. Be3 Qd7
15. Qh5 h6 16. e6 Qxe6 17. Rhe1 Qg6 18. Qe2 Nc8 19. Nxd5 cxd5 20. Qb5+ c6 21.
Qb7 Nb6 22. Bxb6 O-O 23. Bxa7 Bf6 24. a3 Qg7 25. c3 Bxc3 26. Re2 Bf6 27. Rdd2
Qg6 28. Rc2 Rac8 29. Kb1 d4 30. Rd2 c5 31. Ka2 Rfd8 32. Rxc5 Ra8 33. Rc7 Qf5 34.
Qb3 Be5 35. Rb7 Rac8 36. Rd1 Qxf2 37. Rd3 g4 38. Rf3 Qxb2+ 1-0

[Event "Reykjavik Open 2018"]
[Site "Reykjavik ISL"]
[Date "2018.03.08"]
[Round "4.68"]
[White "Murray, Michael A."]
[Black "Lorscheid, Gerhard"]
[Result "0-1"]
[BlackTitle "FM"]
[WhiteElo "1975"]
[BlackElo "2228"]
[WhiteFideId "2609126"]
[BlackFideId "4606000"]
[EventDate "2018.03.06"]

1. Nc3 e5 2. e4 Be7 3. Nf3 d6 4. g3 c6 5. Bg2 Nf6 6. O-O Bg4 7. h3 Bh5 8. b3
Nbd7 9. Bb2 h6 10. d4 O-O 11. g4 Bg6 12. Nh4 Ne8 13. Nf5 Bxf5 14. exf5 exd4 15.
Ne2 Bf6 16. Bxd4 d5 17. Nf4 Bxd4 18. Qxd4 Nef6 19. Nd3 Re8 20. Rae1 Qa5 21. f4
Qb6 22. Qxb6 axb6 23. a4 Kf8 24. Rxe8+ Rxe8 25. Re1 Rxe1+ 26. Nxe1 Ke7 27. Nd3
Nc5 28. Nxc5 bxc5 29. Kf2 Ne8 30. Ke3 Nd6 31. c3 b6 32. Bf3 Nb7 33. Kd3 Kd6 34.
Kc2 f6 35. h4 Na5 36. h5 Nb7 37. Be2 Kc7 38. Bf3 Nd6 39. Kd2 b5 40. axb5 Nxb5
41. Kd3 Kb6 42. Bg2 d4 43. c4 Nc3 44. Bf3 Ka5 45. Kc2 Kb4 46. g5 Ka3 47. gxh6
gxh6 48. Bxc6 Ne2 49. Kd3 Nxf4+ 50. Ke4 Nxh5 0-1

[Event "Reykjavik Open 2018"]
[Site "Reykjavik ISL"]
[Date "2018.03.08"]
[Round "4.69"]
[White "Sigurdsson, Birkir Karl"]
[Black "Nebolsina, Vera"]
[Result "0-1"]
[BlackTitle "WGM"]
[WhiteElo "1928"]
[BlackElo "2211"]
[WhiteFideId "2304180"]
[BlackFideId "4163591"]
[EventDate "2018.03.06"]

1. d4 Nf6 2. c4 g6 3. Nc3 Bg7 4. Nf3 O-O 5. Bg5 d6 6. e3 c5 7. Be2 h6 8. Bh4
cxd4 9. exd4 Nc6 10. O-O Bg4 11. Qd2 Nd7 12. d5 Bxf3 13. Bxf3 Nd4 14. Bd1 Rc8
15. b3 b5 16. Rc1 bxc4 17. f4 cxb3 18. axb3 Nc5 19. Na4 Ncxb3 20. Bxb3 Nxb3 21.
Rxc8 Qxc8 22. Qa2 Qc4 23. Bxe7 Bd4+ 0-1

[Event "Reykjavik Open 2018"]
[Site "Reykjavik ISL"]
[Date "2018.03.08"]
[Round "4.70"]
[White "Valtysson, Thor"]
[Black "Seyb, Dieter"]
[Result "0-1"]
[BlackTitle "FM"]
[WhiteElo "1922"]
[BlackElo "2192"]
[WhiteFideId "2301903"]
[BlackFideId "4603346"]
[EventDate "2018.03.06"]

1. d4 Nf6 2. Nf3 g6 3. Bf4 Bg7 4. e3 d6 5. h3 O-O 6. Be2 Nbd7 7. O-O b6 8. c3 c5
9. Nbd2 Bb7 10. a4 a6 11. Bh2 Ra7 12. Nc4 Bd5 13. Nfd2 Qa8 14. Bf3 Bxf3 15. Qxf3
Qxf3 16. Nxf3 cxd4 17. exd4 Nd5 18. Rfe1 N7f6 19. Ne3 Nxe3 20. Rxe3 Nd5 21. Re2
Rc8 22. Kf1 Kf8 23. g4 Rb7 24. h4 h6 25. Nd2 f5 26. g5 hxg5 27. hxg5 Kf7 28. Kg1
Rh8 29. Nc4 f4 30. a5 b5 31. Nb6 Rh5 32. Nxd5 Rxg5+ 33. Kf1 Rxd5 34. Bxf4 Rh5
35. Kg2 b4 36. Bd2 bxc3 37. Bxc3 Rbb5 38. f4 Rbd5 39. Rae1 Bf6 40. Re4 Ke8 41.
Kf3 Kd7 42. Rg1 Rh6 43. Ke2 Rf5 44. Rf1 Rh2+ 45. Kf3 Rfh5 46. Rg1 R5h3+ 47. Rg3
Kc6 48. Rxh3 Rxh3+ 49. Kg4 Rh4+ 50. Kf3 Kd5 51. Re1 Rh3+ 52. Kg4 Rd3 53. f5
gxf5+ 54. Kxf5 Rf3+ 55. Kg4 Rf2 56. Kg3 Rc2 57. Kf3 e6 58. Ke3 Rh2 59. Kd3 Rh3+
60. Re3 Rh4 61. Rf3 Bxd4 62. Rf7 Bxc3 0-1

[Event "Reykjavik Open 2018"]
[Site "Reykjavik ISL"]
[Date "2018.03.08"]
[Round "4.71"]
[White "Arvidsson, Jonas"]
[Black "Finsterwalder, Sebastian"]
[Result "0-1"]
[WhiteElo "1913"]
[BlackElo "2187"]
[WhiteFideId "1717839"]
[BlackFideId "24632090"]
[EventDate "2018.03.06"]

1. e4 e6 2. d4 d5 3. Nd2 Nf6 4. e5 Nfd7 5. Bd3 c5 6. c3 Nc6 7. Ngf3 g6 8. h4 h6
9. Qe2 Qb6 10. dxc5 Nxc5 11. Bc2 Bg7 12. Nb3 Nd7 13. Bf4 Qc7 14. O-O-O Ncxe5 15.
Kb1 Qc4 16. Qd2 Nxf3 17. gxf3 b6 18. Rhe1 Bb7 19. Qe3 O-O-O 20. Bd3 Qa4 21. Bc2
e5 22. Bg3 Qc6 23. f4 e4 24. Nd4 Bxd4 25. cxd4 f5 26. Bxe4 Kb8 27. Bd3 Nf6 28.
Rc1 Qd6 29. Qe5 Ne4 30. h5 Nd2+ 31. Ka1 Nf3 32. Qxd6+ Rxd6 33. Re7 Rc8 34. Rxc8+
Bxc8 35. a3 Nxd4 36. hxg6 Rxg6 37. Re8 Kc7 38. Bh4 Re6 39. Rf8 Re1+ 40. Ka2 Be6
41. Rh8 Rd1 42. Ba6 Re1 43. Rh7+ Bd7 44. Bf6 Nc6 45. Bd3 Kd6 46. Rxh6 Be6 47.
Bxf5 Bxf5 48. Be5+ Kc5 49. b4+ Nxb4+ 50. axb4+ Kxb4 51. Kb2 Re2+ 52. Kc1 Rxf2
53. Rh8 Be4 54. Bd6+ Kc4 55. Be5 Rc2+ 56. Kd1 Kd3 57. Rh6 Bf3+ 58. Ke1 Ke3 0-1

[Event "Reykjavik Open 2018"]
[Site "Reykjavik ISL"]
[Date "2018.03.08"]
[Round "4.72"]
[White "Marshall, Michael"]
[Black "Pein, Jonathan"]
[Result "0-1"]
[WhiteElo "1890"]
[BlackElo "2184"]
[WhiteFideId "1409956"]
[BlackFideId "417092"]
[EventDate "2018.03.06"]

1. d4 d6 2. Nf3 Nf6 3. Bf4 g6 4. e3 Bg7 5. Be2 O-O 6. O-O Nh5 7. Bg5 h6 8. Bh4
g5 9. Nfd2 Nf6 10. Bg3 Nbd7 11. c4 e5 12. dxe5 dxe5 13. Nc3 c6 14. Qc2 Qe7 15.
Rad1 Ne8 16. e4 Nc7 17. Bg4 Ne6 18. Bxe6 Qxe6 19. Rde1 Rd8 20. b3 Nc5 21. Nf3
Qe7 22. Rd1 Bg4 23. Rxd8+ Rxd8 24. Ne1 Ne6 25. f3 Nd4 26. Qb2 Be6 27. Bf2 Qb4
28. Nd1 a5 29. Nc2 Nxc2 30. Qxc2 Rd2 31. Qb1 Bxc4 32. Re1 Be6 33. Kf1 a4 34. Re3
axb3 35. axb3 Qd4 36. Re1 Qd3+ 37. Qxd3 Rxd3 38. b4 Bf8 39. Bc5 b6 40. Bxb6 Bxb4
41. Nf2 Rc3 42. Rd1 Be7 43. h3 Kg7 44. Bc7 f6 45. Ba5 Rb3 46. Rc1 c5 47. Bc3 c4
48. Nd1 Bc5 49. Ke2 Bd4 50. Rc2 f5 51. Kd2 fxe4 52. fxe4 Bf7 53. Ne3 Bg6 54.
Nf5+ Bxf5 55. exf5 Kf6 56. g4 h5 57. Rc1 Ke7 58. Rc2 hxg4 59. hxg4 Kd6 60. Bxd4
Rd3+ 61. Ke2 Rxd4 62. Kf3 Kd5 63. Rc3 Rf4+ 64. Kg3 Kd4 65. Rc1 c3 66. Rd1+ Ke3
67. Rd5 c2 68. Rc5 Kd2 69. Rd5+ Rd4 0-1

[Event "Reykjavik Open 2018"]
[Site "Reykjavik ISL"]
[Date "2018.03.08"]
[Round "4.73"]
[White "Janzelj, Lara"]
[Black "Eiriksson, Sigurdur"]
[Result "1/2-1/2"]
[WhiteTitle "WFM"]
[WhiteElo "2180"]
[BlackElo "1866"]
[WhiteFideId "14608391"]
[BlackFideId "2302314"]
[EventDate "2018.03.06"]

1. d4 Nf6 2. c4 g6 3. Nc3 d5 4. cxd5 Nxd5 5. e4 Nxc3 6. bxc3 Bg7 7. Qa4+ Nd7 8.
Nf3 O-O 9. Be2 c5 10. O-O Nb6 11. Qa3 cxd4 12. cxd4 Bg4 13. Bg5 f6 14. Be3 Bxf3
15. Bxf3 Nc4 16. Qb3 b5 17. Qxb5 Nxe3 18. fxe3 Rb8 19. Qc4+ Kh8 20. Rab1 Qa5 21.
Qc2 Bh6 22. Kf2 Rbc8 23. Qb2 Rc3 24. Rfe1 Rfc8 25. Qb7 Qxa2+ 26. Re2 Qa3 27.
Rbb2 R8c7 28. Qb5 Rc8 29. Qb7 R8c7 30. Qb5 Rc8 1/2-1/2

[Event "Reykjavik Open 2018"]
[Site "Reykjavik ISL"]
[Date "2018.03.08"]
[Round "4.74"]
[White "Jonsson, Pall G"]
[Black "Vidic, Teja"]
[Result "0-1"]
[BlackTitle "WFM"]
[WhiteElo "1841"]
[BlackElo "2180"]
[WhiteFideId "2303205"]
[BlackFideId "14605511"]
[EventDate "2018.03.06"]

1. b4 e5 2. Bb2 Bxb4 3. Bxe5 Nf6 4. e3 O-O 5. h3 Re8 6. Nf3 d5 7. Be2 c5 8. O-O
Nc6 9. Bb2 d4 10. Bb5 Bd7 11. exd4 Nxd4 12. Nxd4 cxd4 13. Bxd7 Qxd7 14. Qf3 Rac8
15. Qb3 Bc5 16. Na3 Re6 17. Rae1 Rb6 18. Qd3 Rxb2 19. Nc4 Bf8 0-1

[Event "Reykjavik Open 2018"]
[Site "Reykjavik ISL"]
[Date "2018.03.08"]
[Round "4.75"]
[White "Bjarnason, Olafur"]
[Black "Cramling Bellon, Anna"]
[Result "0-1"]
[WhiteElo "1826"]
[BlackElo "2175"]
[WhiteFideId "2316501"]
[BlackFideId "32009232"]
[EventDate "2018.03.06"]

1. Nf3 c5 2. e3 d5 3. d4 e6 4. Bb5+ Bd7 5. Bxd7+ Nxd7 6. O-O Ngf6 7. b3 Rc8 8.
Ba3 b6 9. Nbd2 Bd6 10. c4 Qc7 11. cxd5 exd5 12. Qe2 O-O 13. Rfd1 Rfe8 14. Rac1
Ne4 15. Nf1 Qb7 16. dxc5 bxc5 0-1